[Event "XLV Sevilla Open 2020"]
[Site "Sevilla"]
[Date "2020.01.16"]
[Round "7.8"]
[White "Alsina Leal, Daniel"]
[Black "Gutierrez Olivares, Daniel"]
[Result "1-0"]
[WhiteElo "2465"]
[BlackElo "2358"]
[Annotator "TA"]
[PlyCount "117"]
[EventDate "2020.01.05"]
[EventType "swiss"]
[EventCountry "ESP"]
[SourceTitle "playchess.com"]
[Source "ChessBase"]
[SourceQuality "1"]

{[%evp 13,117,32,34,18,21,19,31,10,12,3,18,2,35,39,70,67,75,32,42,13,20,7,151,154,165,159,184,185,185,116,125,71,76,82,114,104,166,153,150,158,402,128,213,144,137,128,155,158,183,184,180,165,177,180,179,174,165,72,80,78,212,174,195,129,128,122,120,122,165,160,191,162,253,253,353,342,416,416,416,407,405,387,445,311,5103,4932,2895,1144,2804,629,29975,29976,29976,29977,29978,29980,29980,29981,29981,29982,29981,29969,29983,29984,29985,29986]} 1. e4 g6 2. d4 c6 3. Nc3 Bg7 4. Nf3 d5 5. h3 dxe4 6. Nxe4 Nf6 7. Nxf6+ exf6 8. Be2 {B15: Caro-Kann: 3 Nc3: 3...g6 and 3...dxe4 4 Nxe4 Nf6 5 Nxf6+ exf6} (8. Bd3 {keeps more tension.} O-O 9. O-O Re8 10. c3 Be6 11. c4) (8. Bc4 O-O 9. O-O a5 10. a4 Nd7 11. Bf4 Nb6 12. Bb3 Nd5 13. Bh2 Be6 14. Re1 h5 15. Nd2 f5 16. c3 Bh6 17. Nc4 {1-0 (45) Nepomniachtchi,I (2773)-Wei,Y (2736) Moscow 2019}) 8... O-O 9. O-O Re8 10. c4 {White is slightly better.} Na6 11. Be3 Nc7 12. Qd2 Be6 13. Rfd1 $146 ({Predecessor:} 13. a4 f5 14. Rfd1 Qe7 15. Rac1 f6 {1-0 (26) Papp,G (2603)-Schwabeneder,F (2455) Germany 2018}) 13... g5 14. Rac1 h6 15. Nh2 (15. d5 $5 cxd5 16. cxd5 Nxd5 17. Bb5 $16) 15... Qd7 16. Nf1 Rad8 17. Ng3 Qe7 (17... f5 $11 18. f4 Qe7) 18. Qc2 $16 Qd7 19. Bd3 Na6 {intending ...Nb4.} 20. a3 Nc7 21. Nf5 (21. Bd2 $18) 21... Bf8 22. d5 ({White should try} 22. b3) 22... cxd5 23. Bxa7 dxc4 {[#]} 24. Nxh6+ $1 {[%mdl 512]} Kh8 (24... Kg7 $16 25. Bxc4 Qc6) (24... Bxh6 25. Bh7+) 25. Bxc4 $18 Nd5 26. Ng4 $36 {[%mdl 2048] Black is under strong pressure.} Rc8 $2 {[#]} (26... Qc6 $16 {was called for.}) 27. Qb3 $2 (27. Nxf6 $1 $18 {[%mdl 512]} Nxf6 28. Rxd7 Nxd7 29. Qd2) 27... b5 (27... Qc6 $16 {keeps fighting.}) 28. Qxb5 ({Weaker is} 28. Bxb5 Qxa7 29. Bxe8 Nf4 $14) 28... Qxa7 29. Bxd5 Bxg4 30. hxg4 Rb8 31. Qc6 Kg7 32. Qc7 Re7 33. Qxa7 Rxa7 34. Rc2 Bd6 35. Rdd2 (35. a4 $18 {and White stays clearly on top.}) 35... Bf4 36. Rd3 Rd7 (36... Be5 $16) 37. Be4 Re7 38. g3 ({White should play} 38. f3 $18) 38... Rxe4 $16 39. gxf4 Rxf4 {[%mdl 4096] Endgame KRR-KRR} 40. f3 Rh8 41. Kg2 f5 42. Rc5 Kg6 (42... Kf6 $142) 43. Rdd5 $18 Rb8 44. b4 ({Less strong is} 44. Rxf5 Rxb2+ 45. Kg3 Rxf5 $16) (44. gxf5+ Kg7 $18) 44... Ra8 45. Rxf5 Rxa3 46. Rxf4 gxf4 {[#] KR-KR} 47. Rf5 $1 {[%cal Rf5f4]} Rb3 48. Rxf4 f5 $2 (48... Rb1 49. Kf2 Kg7) 49. Rxf5 Rxb4 50. Ra5 Rc4 51. Kg3 (51. Ra3 $142 Rc1 52. f4) 51... Rb4 52. Ra6+ {White mates.} Kg7 53. f4 Rc4 54. f5 Rb4 55. Kh4 Rc4 56. Kg5 Rc7 57. Ra5 Rb7 58. f6+ Kf7 59. Kf5 {Accuracy: White = 59%, Black = 35%.} 1-0

[Event "XLV Sevilla Open 2020"]
[Site "Sevilla"]
[Date "2020.01.16"]
[Round "7.9"]
[White "Barrish, Daniel"]
[Black "Ravi, Teja S."]
[Result "1/2-1/2"]
[WhiteElo "2352"]
[BlackElo "2464"]
[Annotator "TA"]
[PlyCount "97"]
[EventDate "2020.01.05"]
[EventType "swiss"]
[EventCountry "ESP"]
[SourceTitle "playchess.com"]
[Source "ChessBase"]
[SourceQuality "1"]

{[%evp 13,97,18,10,14,6,3,27,24,56,28,26,12,61,60,61,66,61,59,56,64,61,62,66,68,79,62,76,72,83,78,143,53,41,48,64,65,58,59,61,51,53,52,54,53,56,54,55,60,63,0,0,0,0,0,0,0,0,0,0,0,0,0,0,0,0,0,0,0,0,0,0,0,0,0,0,0,0,0,0,0,0,0,0,0,0,0]} 1. d4 d5 2. c4 c6 3. Nc3 Nf6 4. e3 a6 5. Qc2 e6 6. Nf3 c5 7. cxd5 exd5 8. Be2 {D45: Semi-Slav: 5 e3} Nc6 9. O-O cxd4 10. Nxd4 {White has an edge.} Qc7 11. Qb3 $146 ({Predecessor:} 11. Nxc6 bxc6 12. b3 Bd6 13. h3 O-O 14. Bb2 Re8 15. Rac1 Bd7 {½-½ (36) Ragger,M (2688)-Mamedyarov,S (2735) Vienna 2015}) 11... Bd6 12. h3 Nxd4 13. exd4 Be6 14. Bf3 O-O 15. Nxd5 Nxd5 16. Bxd5 Bxd5 17. Qxd5 Rad8 {[#] Strongly threatening ...Bh2+.} 18. Qb3 Qe7 19. Be3 Bb8 20. Rac1 h5 21. Rfe1 Qd6 (21... Rd7 $142) 22. g3 (22. Qxb7 $16 Qh2+ 23. Kf1) 22... h4 $14 23. Bf4 Qxd4 24. Bxb8 Rxb8 25. Rc4 $1 {[%cal Rc4d4]} Qd5 26. Rd1 Qe6 27. Rxh4 Qxb3 28. axb3 {[%mdl 4096] Endgame KRR-KRR} Rfd8 29. Rhd4 Rxd4 30. Rxd4 {KR-KR} Rc8 31. Rc4 (31. Rd7 $14) 31... Rd8 $1 $11 {The position is equal.} 32. Rc7 b5 33. Rc6 Rd2 34. Rxa6 {aiming for Rb6.} Rxb2 35. Rb6 Rxb3 36. Rb7 b4 37. h4 g6 38. Kg2 Kg7 39. Rb6 Rb1 40. Kf3 b3 41. Ke3 Kh6 42. Rb5 Rb2 43. Kf3 Kh7 44. Rb7 Kg7 45. Rb6 Kf8 46. Rb7 Ke8 47. Ke3 Rb1 48. Kf4 Kf8 49. Ke4 {Accuracy: White = 68%, Black = 67%.} 1/2-1/2

[Event "XLV Sevilla Open 2020"]
[Site "Sevilla"]
[Date "2020.01.16"]
[Round "7.10"]
[White "Das, Arghyadip"]
[Black "Corbalan Gomez, Juan Jose"]
[Result "1-0"]
[WhiteElo "2451"]
[BlackElo "2243"]
[Annotator "RC"]
[PlyCount "115"]
[EventDate "2020.01.05"]
[EventType "swiss"]
[EventCountry "ESP"]
[SourceTitle "playchess.com"]
[Source "ChessBase"]
[SourceQuality "1"]
[TimeControl "5400+30"]

1. e4 c5 2. Nf3 Nc6 3. d4 cxd4 4. Nxd4 g6 5. c4 Bg7 6. Be3 Nf6 7. Nc3 O-O 8. Be2 d6 9. f3 Nxd4 10. Bxd4 Be6 11. O-O Qa5 12. Kh1 Rfc8 13. b3 Nd7 14. f4 Bxd4 15. Qxd4 f6 16. f5 Bf7 17. fxg6 hxg6 18. Bg4 Rd8 19. Bxd7 Rxd7 20. Nd5 Qc5 21. Qc3 Bxd5 22. exd5 Qc8 23. Rae1 Qf8 24. Qh3 Rc7 25. Re4 Qg7 26. Rfe1 b6 27. a4 Rf8 28. Qe3 Rf7 29. h4 Kh7 30. Qh3 Qh6 31. h5 Kg7 32. hxg6 Qxh3+ 33. gxh3 Kxg6 34. Rg4+ Kh7 35. Reg1 Kh8 36. Rg8+ Kh7 37. Kh2 Rb7 38. R8g4 Kh8 39. Kg3 Rg7 40. Kf4 Rxg4+ 41. Rxg4 Kh7 42. Kf5 Rc7 43. Ke6 Rb7 44. Kf7 Kh6 45. Rg8 Kh5 46. Ke6 Kh6 47. Re8 Kg6 48. Rxe7 Rxe7+ 49. Kxe7 f5 50. Kxd6 f4 51. Kc7 f3 52. d6 f2 53. d7 f1=Q 54. d8=Q Qxh3 55. Qd6+ Kh5 56. b4 Qb3 57. c5 Qxa4 58. c6 1-0

[Event "XLV Sevilla Open 2020"]
[Site "Sevilla"]
[Date "2020.01.16"]
[Round "7.11"]
[White "Chen, Qi B"]
[Black "Almaryami, Mohamed H."]
[Result "1-0"]
[WhiteElo "2432"]
[BlackElo "2015"]
[Annotator "TA"]
[PlyCount "61"]
[EventDate "2020.01.05"]
[EventType "swiss"]
[EventCountry "ESP"]
[SourceTitle "playchess.com"]
[Source "ChessBase"]
[SourceQuality "1"]

{[%evp 21,61,0,0,0,0,0,0,0,19,10,12,-2,5,0,0,-22,0,0,0,-8,28,0,0,0,0,5,185,174,182,189,177,185,179,171,177,174,181,114,543,576,661,627]} 1. e4 e5 2. Nf3 Nc6 3. Bb5 a6 4. Ba4 Nf6 5. O-O Nxe4 6. d4 b5 7. Bb3 d5 8. dxe5 Be6 9. Nbd2 Be7 10. c3 O-O 11. Re1 Nc5 12. Nd4 {C83: Open Ruy Lopez: 9 c3 Be7} Nxd4 13. cxd4 Nd3 14. Re3 {The position is equal.} Nf4 (14... Nxc1 15. Rxc1 a5 16. a4 Rb8 17. axb5 Rxb5 18. Nf3 Qb8 19. Rec3 Rc8 {½-½ (36) Shirov,A (2666)-Anton Guijarro,D (2686) Marbella 2019}) 15. Rg3 c5 16. dxc5 $146 ({Predecessor:} 16. Bc2 Ng6 17. dxc5 Bxc5 18. Nb3 Bb6 19. Bxg6 hxg6 {½-½ (34) Siigur,J (2425)-Van Vugt,W (2307) ICCF email 2010}) 16... Bxc5 17. Nf3 Ng6 18. Bc2 Qb6 19. Qe2 Rac8 {Threatens to win with ...Bxf2+!} 20. Bd3 Bd4 21. Qd2 {Hoping for Bxg6.} f5 22. exf6 Bxf6 23. Qd1 Ne5 $2 {[#]} (23... d4 $11 {and Black has nothing to worry.}) 24. Nxe5 $1 $18 Bxe5 25. Be3 Qd6 {[#]} (25... d4 $2 {[#]} 26. Bxh7+ $1 {[%mdl 512]} Kxh7 27. Qh5+ Kg8 28. Qxe5 $18) 26. Qh5 $1 {[%mdl 512]} h6 27. Qxh6 $40 {[%mdl 128] White attacks with force.} Bxg3 28. Qh7+ Kf7 {Strongly threatening ...Be5.} 29. Bg6+ ({Stronger than} 29. hxg3 Bg4 $11) (29. fxg3 $6 Qe5 $14) ({White should play} 29. Qg6+ $18 Ke7 30. hxg3 (30. Qxg7+ Rf7 $16)) 29... Ke7 $2 {[%mdl 8192]} (29... Kf6 $16 {is more resistant.} 30. hxg3 (30. fxg3 Qe5 $15 {[%mdl 64] Double Attack}) 30... Qe5) 30. Qxg7+ Bf7 31. Bg5+ {Accuracy: White = 63%, Black = 53%.} 1-0

[Event "XLV Sevilla Open 2020"]
[Site "Sevilla"]
[Date "2020.01.16"]
[Round "7.12"]
[White "Estremera Panos, Sergio"]
[Black "Panjwani, Raja"]
[Result "0-1"]
[WhiteElo "2307"]
[BlackElo "2444"]
[Annotator "TA"]
[PlyCount "120"]
[EventDate "2020.01.05"]
[EventType "swiss"]
[EventCountry "ESP"]
[SourceTitle "playchess.com"]
[Source "ChessBase"]
[SourceQuality "1"]

{[%evp 9,120,20,12,8,9,4,39,45,81,33,57,47,47,53,44,45,44,41,46,60,95,93,102,107,118,104,108,117,113,76,205,204,196,203,225,200,193,17,12,17,31,16,20,0,0,0,0,-80,-8,-8,-8,-6,-8,-120,-136,-120,-31,-139,-45,-211,-215,-368,-359,-386,-398,-385,-370,-380,-396,-391,-391,-398,-395,-447,-366,-317,-196,-204,-204,-158,-164,-375,-360,-400,-368,-386,-377,-375,-204,-204,-200,-327,-272,-212,-204,-196,-196,-189,-8,-2425,-625,-29973,-29973,-29973,-29974,-29973,-29974,-29976,-29977,-29977,-29978,-29971,-6640]} 1. d4 Nf6 2. c4 e6 3. Nc3 Bb4 4. Qc2 d5 5. cxd5 exd5 6. Bf4 {E35: Nimzo-Indian: Classical: 4...d5 5 cxd5 exd5} O-O 7. e3 Ne4 (7... c5 8. dxc5 Nc6 9. Nf3 Qa5 10. Bd3 Qxc5 11. O-O Bxc3 12. bxc3 Bg4 13. Nd4 Nxd4 14. cxd4 Qxc2 15. Bxc2 {½-½ (47) Ding,L (2801)-Anand,V (2757) Kolkata 2019}) 8. Bd3 {White is slightly better.} f5 $146 ({Predecessor:} 8... Re8 9. Nge2 Nd7 10. O-O Ndf6 11. Nb5 Ba5 12. Bxc7 Bxc7 13. Nxc7 Bd7 14. Nxa8 Qxa8 {1-0 (24) De Freytas,P (1831)-Wiersma,A (1726) Utrecht 2000}) 9. h4 c6 10. Qb3 a5 11. a3 Bxc3+ 12. bxc3 a4 13. Qb2 b6 14. f3 $36 {[%mdl 2048] White has some pressure.} Nf6 15. h5 b5 16. Ne2 Na6 17. Ng3 Ne8 18. Qc2 Qf6 19. O-O Be6 (19... Ra7 $16 {was called for.}) 20. e4 $18 Qh4 21. Qd2 $1 fxe4 22. fxe4 Nf6 23. Qe1 $2 ({White should try} 23. h6 $18 gxh6 24. Rae1) 23... Rae8 $1 $11 24. Bd6 {Threatens to win with e5.} Rf7 25. exd5 Bxd5 26. Nf5 Rxe1 27. Nxh4 Re3 28. Rad1 {[#]} (28. Rae1 $11 {remains equal.} Rxd3 29. Rxf6 $1 {[%mdl 512]} Rxf6 30. Re8+ Kf7 31. Re7+ Kg8 32. Re8+ Kf7 33. Re7+ Kg8 34. Re8+) 28... Be4 ({Black should play} 28... Rxd3 $1 $17 {[%mdl 512]} 29. Rxd3 Bc4) 29. Bxe4 $1 Nxe4 30. Rxf7 Kxf7 31. Rf1+ (31. Nf5 $1 $11 Re2 32. d5 cxd5 33. Nd4) 31... Ke6 $17 32. Be5 Nxc3 ({Better is} 32... Rxc3 $17 33. Re1 Kd5) 33. Nf5 (33. Bxg7 $15 Ne4 34. Nf5) 33... Re4 (33... Rd3 $17 34. Nxg7+ Kd5) 34. Nxg7+ $2 (34. Ng3 $15 Ne2+ 35. Nxe2 Rxe2 36. h6 gxh6 37. Rf6+ Kd7 38. Kf1) 34... Kd5 $19 35. Ne8 $2 (35. Nf5 {was necessary.}) 35... Ne2+ {[%mdl 64] Double Attack} 36. Kf2 Nxd4 37. Nf6+ Kxe5 38. Nxe4 Kxe4 39. Re1+ Kf5 40. Re7 h6 41. Rg7 Ne6 42. g4+ Kf4 43. Rg6 {[#]} Nac7 $1 44. g5 Nxg5 {Strongly threatening ...c5.} 45. Rxc6 $2 {[#]} (45. Rxh6 {was the only chance.} Nce6 46. Rh8) 45... Nge6 $1 46. Rc1 Kg5 47. Ke3 Kxh5 48. Ke4 Kg5 (48... Kg6 $142 49. Rf1 h5) 49. Rg1+ Kf6 50. Rf1+ (50. Rh1 $142) 50... Ke7 51. Rh1 Kd6 52. Rxh6 Kc5 53. Rh1 Kc4 $2 (53... Nd8 $19 {...Nb7 is the strong threat.} 54. Kd3 Nc6) 54. Rb1 $2 {[%mdl 8192]} (54. Ke5 $11) 54... Nc5+ (54... Nd5 $142 55. Ke5 Nc5) 55. Ke5 {intending Rc1+.} Nd5 {Black mates.} 56. Kd6 Nd3 57. Kc6 Nc3 58. Rh1 Kb3 59. Rh3 Nf4 60. Rf3 Nfd5 {Accuracy: White = 45%, Black = 50%.} 0-1

[Event "XLV Sevilla Open 2020"]
[Site "Sevilla"]
[Date "2020.01.16"]
[Round "7.13"]
[White "Pridorozhni, Aleksei"]
[Black "Draghici Flutur, Gavril **"]
[Result "1-0"]
[WhiteElo "2601"]
[BlackElo "2125"]
[Annotator "TA"]
[PlyCount "41"]
[EventDate "2020.01.05"]
[EventType "swiss"]
[EventCountry "ESP"]
[SourceTitle "playchess.com"]
[Source "ChessBase"]
[SourceQuality "1"]

{[%evp 21,41,61,59,47,71,58,58,60,107,82,86,91,92,70,104,119,159,142,241,255,525,520]} 1. e4 c5 2. Nf3 d6 3. Nc3 Nc6 4. d4 cxd4 5. Nxd4 Nf6 6. Bg5 e6 7. Qd2 Be7 8. O-O-O a6 9. f4 Nxd4 10. Qxd4 b5 11. Bxf6 gxf6 12. Kb1 {B66: Sicilian: Richter-Rauzer: 7...a6 8 0-0-0 h6} (12. e5 d5 13. Kb1 f5 14. g4 fxg4 15. h3 g3 16. Rg1 Bb7 17. Rxg3 Qc7 18. f5 Bc5 19. Qf4 O-O-O 20. Ne2 f6 21. fxe6 fxe5 {1-0 (40) Sjugirov,S (2677)-Romanov,E (2628) St Petersburg 2018}) 12... Bb7 13. Be2 Rc8 14. f5 {[#] White is slightly better.} h5 $146 ({Predecessor:} 14... Qc7 15. fxe6 fxe6 16. Bg4 Kf7 17. Bh5+ Kg7 18. e5 Rhd8 19. Qg4+ Kh8 20. Bf7 dxe5 21. Bxe6 {½-½ (56) Kristensen,K (2325)-Rasmussen,K (2505) Silkeborg 2008}) 15. fxe6 fxe6 16. Bf3 Qc7 17. Qd2 Qc4 18. Rhe1 b4 {[#]} 19. Ne2 $1 Rc5 (19... Kf7 $16) 20. Nf4 $18 {Hoping for Be2.} Kf7 $2 (20... Ra5 21. b3 Qc3 22. Qxc3 (22. Nxe6 Qxd2 23. Rxd2 Re5 $16) 22... bxc3 23. Nxe6 Re5) 21. Be2 {Accuracy: White = 83%, Black = 27%.} 1-0

[Event "XLV Sevilla Open 2020"]
[Site "Sevilla"]
[Date "2020.01.16"]
[Round "7.14"]
[White "Oragwu, Chukwunonso"]
[Black "Pap, Misa"]
[Result "1/2-1/2"]
[WhiteElo "2220"]
[BlackElo "2427"]
[Annotator "TA"]
[PlyCount "165"]
[EventDate "2020.01.05"]
[EventType "swiss"]
[EventCountry "ESP"]
[SourceTitle "playchess.com"]
[Source "ChessBase"]
[SourceQuality "1"]

{[%evp 15,165,13,13,13,13,13,21,16,18,16,14,0,0,0,0,0,18,-8,0,0,0,0,0,0,0,-12,-21,-29,-24,-33,-18,-49,-37,-93,-63,-79,-34,-40,0,-18,33,34,58,59,56,53,57,-11,-16,-17,-16,-29,-19,-35,-24,-30,0,-31,0,0,0,0,0,0,0,0,0,0,0,0,0,0,0,0,0,0,0,0,25,0,7,8,10,10,19,0,0,0,0,0,0,0,0,0,46,0,0,0,0,0,0,0,0,0,0,0,0,0,8,8,75,75,67,75,81,75,81,33,75,74,68,8,8,-8,-8,-9,-9,-14,0,0,0,0,0,0,0,0,0,0,0,0,0,0,0,0,0,0,0,0,0,0,0,0]} 1. e4 c5 2. Nf3 Nc6 3. Bb5 g6 4. O-O Bg7 5. c3 Nf6 6. Re1 O-O 7. h3 Qb6 8. Na3 d5 9. e5 {B31: Sicilian: 2...Nc6 3 Bb5 g6} Ne8 10. d4 cxd4 $1 11. cxd4 Nc7 12. Ba4 (12. Bxc6 bxc6 13. Bg5 Re8 14. Qd2 Rb8 15. b3 Ne6 16. Be3 Bd7 {1-0 (53) Shirov,A (2658)-Fedoseev,V (2681) Riga 2019}) 12... Bf5 13. Bc2 (13. Nb1 {is interesting.} Be4 14. Nbd2 Bf5 15. Nb3 Ne6 16. Be3) 13... Bxc2 14. Nxc2 Rac8 $146 ({Predecessor:} 14... Ne6) 15. Re2 a5 16. h4 h5 17. a4 Ne6 18. Ra3 Nb4 19. Nxb4 axb4 20. Rd3 Rc6 21. Be3 Rfc8 22. Qb3 Qa6 23. Rdd2 Rc4 24. Kh2 (24. Re1 $15) 24... Qc6 25. Rd1 Ra8 26. Ra1 Qc7 27. Ree1 f6 (27... Kh7 $11) 28. Kg1 fxe5 29. dxe5 Kh7 30. Qd3 Qc6 31. Ng5+ ({White should try} 31. Rad1 $14) 31... Nxg5 $11 32. Bxg5 e6 33. Qb3 Rc8 34. g3 Qd7 35. a5 Qb5 36. Qa4 Qxa4 37. Rxa4 Bf8 38. a6 bxa6 39. Rxa6 R4c6 40. Rea1 Kg8 41. Ra7 R6c7 42. Be3 Be7 43. Bb6 Rxa7 44. Rxa7 {[%mdl 4096] Endgame KRB-KRB} Kf8 45. Bc7 Bc5 46. Rb7 Ke8 47. Bb6 Bf8 48. Ba5 d4 49. Bxb4 d3 $1 50. Ba5 Rc2 51. Rb8+ Kf7 52. Rb7+ Kg8 53. Rd7 Bc5 54. Rxd3 {aiming for Rd2.} Rxf2 55. Kh1 (55. Rd8+ {is more complex.} Kg7 56. b4 Be3 57. Rd3 Ba7 58. Kh1) 55... Rxb2 56. Bd8 Kf7 57. Bf6 Rb7 58. Rf3 Ke8 59. Rc3 Rb5 60. Kg2 Kd7 61. Rd3+ Kc6 62. Kf3 Rb2 {[#]} (62... Bf8 $11) 63. Kf4 $1 $16 {[%cal Rf4g5] Threatens to win with Kg5.} Rb4+ 64. Kg5 Rg4+ 65. Kh6 Bd4 66. Ra3 Kd5 67. Kg7 Bf2 68. Ra5+ ({Better is} 68. Kf7 $14) 68... Ke4 $11 {The position is equal.} 69. Ra4+ Kf5 {[#]} 70. Rf4+ $1 {[%mdl 512]} Rxf4 71. gxf4 Kxf4 {Strongly threatening ...Kf5.} (71... Be3 $5 72. Bg5 $8 Bf2 $11) 72. Kxg6 {KB-KB} Kg4 {White must now prevent ...Bg3.} 73. Bg5 Bxh4 74. Bxh4 Kxh4 {KPP-KP} 75. Kf6 Kg4 76. Kxe6 {KP-KP} h4 77. Kf6 h3 78. e6 h2 79. e7 h1=Q {( -> ...Qh5)} 80. e8=Q Qh6+ 81. Ke7 Qe3+ 82. Kd8 Qxe8+ 83. Kxe8 {Accuracy: White = 59%, Black = 65%.} 1/2-1/2

[Event "XLV Sevilla Open 2020"]
[Site "Sevilla"]
[Date "2020.01.16"]
[Round "7.15"]
[White "Soldo, Robert"]
[Black "Pogorelov, Ruslan"]
[Result "1/2-1/2"]
[WhiteElo "2180"]
[BlackElo "2377"]
[Annotator "TA"]
[PlyCount "102"]
[EventDate "2020.01.05"]
[EventType "swiss"]
[EventCountry "ESP"]
[SourceTitle "playchess.com"]
[Source "ChessBase"]
[SourceQuality "1"]

{[%evp 22,102,12,18,55,47,62,59,60,51,55,52,48,55,52,37,36,20,54,24,49,-6,0,-11,0,-6,-1,-11,-11,-27,-37,-75,-68,-62,-69,-111,-108,-97,-44,-45,-40,-74,-90,-104,-88,-103,-93,-85,0,0,0,0,0,0,0,-13,0,0,0,0,0,0,0,0,0,-15,-14,-21,0,-12,13,0,0,0,0,0,0,0,0,0,0,0,0]} 1. d4 Nf6 2. c4 e6 3. g3 Bb4+ 4. Bd2 Be7 5. Bg2 d5 6. Nf3 c6 7. Qc2 b6 8. O-O O-O 9. Bf4 Bb7 10. Rd1 Nbd7 11. Ne5 Rc8 12. Nc3 Nxe5 {E08: Closed Catalan: Main Line: 7 Qc2} 13. dxe5 Nd7 14. cxd5 cxd5 {White is slightly better.} 15. e4 dxe4 16. Bxe4 Bxe4 17. Qxe4 Qc7 18. Rac1 Nc5 {[#]} 19. Qe2 $146 ({Predecessor:} 19. Qf3) 19... a5 20. Ne4 Qc6 21. Nxc5 ({White should try} 21. Nd6 $14) 21... Bxc5 $11 22. a3 {[#] Strongly threatening b4!} a4 23. Qd3 Qa8 24. Qe2 Rfd8 25. Rxd8+ Rxd8 26. Rd1 Rxd1+ 27. Qxd1 h6 28. Be3 Bxe3 29. fxe3 $17 {[%mdl 4096] Endgame KQ-KQ} g6 (29... Qe4 $17 30. Qd8+ Kh7) 30. Qd4 b5 31. g4 Qf3 32. g5 hxg5 33. Qd8+ Kh7 34. Qxg5 Qe4 (34... Kg8 $17) 35. Kf2 $1 $11 {The position is equal.} Qc2+ 36. Kg3 $1 Qc7 37. Qf4 Kg8 38. Qf6 Kf8 39. h4 Ke8 40. h5 gxh5 (40... Qc5 {keeps more tension.} 41. hxg6 Qxe3+ 42. Kh4 Qe4+ 43. Kg5 Qe3+) 41. Qh8+ {[%mdl 64] [#] Double Attack} Kd7 42. Qxh5 Kc6 43. Qf3+ Kb6 44. Qf4 Qc5 45. Kg4 Ka5 46. Qxf7 Qxe3 47. Qxe6 Qe2+ 48. Kf5 {Qd6 is the strong threat.} Qf2+ 49. Kg6 {And now Qd6 would win.} Qxb2 50. Qd6 {Threatens to win with e6.} b4 51. Qc5+ Ka6 {Accuracy: White = 46%, Black = 43%.} 1/2-1/2

[Event "XLV Sevilla Open 2020"]
[Site "Sevilla"]
[Date "2020.01.16"]
[Round "7.16"]
[White "Gu, Tianlu"]
[Black "Pozo Prior, Jose Antonio"]
[Result "1-0"]
[WhiteElo "2255"]
[BlackElo "2016"]
[Annotator "RC"]
[PlyCount "58"]
[EventDate "2020.01.05"]
[EventType "swiss"]
[EventCountry "ESP"]
[SourceTitle "playchess.com"]
[Source "ChessBase"]
[SourceQuality "1"]
[TimeControl "5400+30"]

1. e4 {[%emt 0:01:05]} c5 {[%emt 0:00:00]} 2. Nf3 {[%emt 0:00:13]} g6 {[%emt 0:00:00]} 3. c4 {[%emt 0:00:49]} Bg7 {[%emt 0:00:09]} 4. d4 {[%emt 0:00:21]} cxd4 {[%emt 0:03:50]} 5. Nxd4 {[%emt 0:00:08]} Nc6 {[%emt 0:00:09]} 6. Be3 {[%emt 0:00:10]} Nf6 7. Nc3 O-O 8. Be2 d6 9. O-O Bd7 10. h3 Rc8 11. f4 Nxd4 12. Bxd4 Bc6 13. Qc2 b5 14. cxb5 Bxe4 15. Qa4 Bb7 16. Qxa7 Qd7 17. Qa4 Ne8 18. Rad1 Nc7 19. Bxg7 Kxg7 20. Qd4+ Kg8 21. a4 Ne6 22. Qe3 Qc7 23. Bg4 Qc4 24. a5 Qb3 25. Rd2 Ra8 26. a6 Bc8 27. Bf3 Bd7 28. Bxa8 Rxa8 29. Qe4 Bc8 1-0

[Event "XLV Sevilla Open 2020"]
[Site "Sevilla"]
[Date "2020.01.16"]
[Round "7.17"]
[White "Pingin, Artem"]
[Black "Soumya, Swaminathan"]
[Result "1-0"]
[WhiteElo "2143"]
[BlackElo "2384"]
[Annotator "TA"]
[PlyCount "85"]
[EventDate "2020.01.05"]
[EventType "swiss"]
[EventCountry "ESP"]
[SourceTitle "playchess.com"]
[Source "ChessBase"]
[SourceQuality "1"]

{[%evp 9,85,25,26,23,26,25,48,49,82,82,79,37,71,63,125,50,61,76,72,16,27,1,94,92,127,110,105,99,119,-7,-4,-31,-2,-2,-14,-7,0,0,93,88,109,80,326,322,323,327,325,316,318,324,391,387,512,478,478,453,455,465,521,499,640,635,677,654,657,637,872,872,869,869,838,804,5312,4722,977,718,688,593]} 1. e4 e5 2. Nf3 Nc6 3. Bb5 Nf6 4. d3 Bc5 5. Bxc6 dxc6 6. Nbd2 {C65: Ruy Lopez: Berlin Defence (3...Nf6), unusual lines and 4 0-0 Bc5} (6. Qe2 Qe7 7. h3 Bd6 8. Nbd2 Nd7 9. O-O O-O 10. Nc4 Re8 11. Re1 c5 12. Nh2 Nf8 13. f4 exf4 {½-½ (33) Aronian,L (2763)-Anand,V (2774) Karlsruhe/Baden Baden 2019}) 6... Qe7 7. Nc4 Ng4 8. O-O {White is slightly better.} b5 {[#]} 9. Na5 $1 Bb6 10. Bd2 $146 ({Predecessor:} 10. Qe1 Qd6 11. h3 Nf6 12. Qc3 c5 13. Nb3 O-O {1-0 (45) Poetsch,H (2513)-Miller,E (2309) Dresden 2018}) 10... Bd7 11. h3 h5 (11... Nf6 $14) 12. Nb3 (12. hxg4 $2 hxg4 13. g3 (13. Bg5 $2 f6 $19) 13... gxf3 $17) ({Better is} 12. b4 $16) 12... a5 $14 13. a4 (13. hxg4 hxg4 14. Bg5 f6 $17) 13... b4 14. d4 (14. hxg4 hxg4 15. g3 gxf3 $17) (14. c3 $16) 14... exd4 $1 $11 15. Nbxd4 (15. hxg4 $2 hxg4 16. Bg5 f6 $19) 15... g6 (15... O-O $11) 16. Bf4 $16 (16. hxg4 hxg4 17. Bg5 f6 $19) 16... O-O-O 17. Qe2 {White threatens Qa6+ and mate.} (17. hxg4 hxg4 18. Qd3 Kb7 $17) 17... Kb7 18. c3 f6 {[#]} 19. hxg4 (19. cxb4 $1 $16 Qxb4 20. Bd2 (20. hxg4 hxg4 21. Qe1 gxf3 $17)) 19... hxg4 $11 20. Nh2 {And now Rfe1 would win.} c5 21. cxb4 $1 cxd4 22. bxa5 g5 ({Much less strong is} 22... Bxa5 23. Rfc1 $17) 23. Bg3 $1 d3 (23... Bxa5 $11 {keeps the balance.} 24. Qd3 Bc6) 24. Qxd3 $16 Bc6 25. Qc4 Qc5 $2 (25... Bxa5 $16 {was called for.} 26. b4 (26. Nxg4 Qh7 $11) 26... Bb6) 26. a6+ $18 Ka7 27. Qxc5 Bxc5 28. Rfc1 ({Weaker is} 28. Bxc7 Rd7 $14) (28. Nxg4 Bd4 $18) 28... Kb6 29. Nxg4 Bxe4 30. Nxf6 Bd3 {[#]} 31. Bxc7+ $1 {White is clearly winning.} Kxc7 32. Rxc5+ Kb6 33. Rxg5 Bxa6 34. b4 Rd4 {If Black can now play ...Rdh4 this consolidates a bit.} 35. f3 Bc4 36. a5+ Ka6 37. Ne4 Rb8 38. Nc5+ Ka7 39. Rg7+ Ka8 40. Nd7 Rxb4 41. Nb6+ Kb8 42. Nxc4 Rdxc4 43. a6 {Accuracy: White = 56%, Black = 46%.} 1-0